[Event "U12 Polish Youth Championship"]
[Site "chess24.com"]
[Date "2018.05.04"]
[Round "8"]
[White "Madej, Marek"]
[Black "Madajczak, Piotr"]
[Result "1-0"]
[Board "9"]
[WhiteElo "1734"]
[WhiteCountry "POL"]
[WhiteFideId "21835942"]
[WhiteEloChange "7"]
[BlackElo "1618"]
[BlackCountry "POL"]
[BlackFideId "21835934"]
[BlackEloChange "-7"]

1. e4 {[%clk 1:30:45]} d5 {[%clk 1:30:52]} 2. exd5 {[%clk 1:30:59]} Qxd5 {[%clk
1:31:13]} 3. Nf3 {[%clk 1:30:51]} Nf6 {[%clk 1:31:03]} 4. d4 {[%clk 1:30:45]} c6
{[%clk 1:30:26]} 5. c4 {[%clk 1:31:04]} Qd6 {[%clk 1:30:37]} 6. Nc3 {[%clk
1:30:58]} Bg4 {[%clk 1:30:45]} 7. Be2 {[%clk 1:30:22]} e6 {[%clk 1:30:37]} 8. O-O
{[%clk 1:30:02]} Be7 {[%clk 1:30:45]} 9. Be3 {[%clk 1:28:48]} O-O {[%clk
1:30:50]} 10. Qb3 {[%clk 1:27:51]} Qc7 {[%clk 1:28:53]} 11. Rac1 {[%clk 1:27:23]}
Nbd7 {[%clk 1:27:09]} 12. h3 {[%clk 1:27:20]} Bh5 {[%clk 1:27:21]} 13. Rfd1
{[%clk 1:26:17]} Qb6 {[%clk 1:18:41]} 14. Qc2 {[%clk 1:16:18]} Qc7 {[%clk
1:13:14]} 15. d5 {[%clk 1:08:51]} Bc5 {[%clk 1:04:22]} 16. Nd4 {[%clk 1:02:02]}
Bxd4 {[%clk 0:59:55]} 17. Bxd4 {[%clk 1:00:36]} Bxe2 {[%clk 1:00:08]} 18. Qxe2
{[%clk 1:00:58]} Rfe8 {[%clk 1:00:24]} 19. d6 {[%clk 0:57:48]} Qd8 {[%clk
0:59:21]} 20. Bxf6 {[%clk 0:54:30]} Qxf6 {[%clk 0:59:07]} 21. Ne4 {[%clk
0:54:37]} Qe5 {[%clk 0:58:37]} 22. c5 {[%clk 0:51:53]} f5 {[%clk 0:55:03]} 23.
Ng3 {[%clk 0:52:05]} Qxe2 {[%clk 0:55:23]} 24. Nxe2 {[%clk 0:52:31]} e5 {[%clk
0:55:34]} 25. g4 {[%clk 0:48:50]} f4 {[%clk 0:49:00]} 26. f3 {[%clk 0:47:41]} g5
{[%clk 0:47:46]} 27. Nc3 {[%clk 0:46:27]} Kf7 {[%clk 0:36:35]} 28. Ne4 {[%clk
0:46:46]} h6 {[%clk 0:36:53]} 29. Kf2 {[%clk 0:45:49]} Rad8 {[%clk 0:33:52]} 30.
Ke2 {[%clk 0:34:11]} Rh8 {[%clk 0:27:04]} 31. Kd3 {[%clk 0:28:12]} Nf6 {[%clk
0:22:35]} 32. Nxf6 {[%clk 0:28:11]} Kxf6 {[%clk 0:22:50]} 33. Ke4 {[%clk
0:28:38]} Rd7 {[%clk 0:23:04]} 34. b4 {[%clk 0:24:45]} a6 {[%clk 0:21:14]} 35. a4
{[%clk 0:24:18]} Rc8 {[%clk 0:21:34]} 36. Rh1 {[%clk 0:21:58]} Re8 {[%clk
0:17:44]} 37. h4 {[%clk 0:21:25]} Kg6 {[%clk 0:17:47]} 38. Rc2 {[%clk 0:20:57]}
Rdd8 {[%clk 0:15:35]} 39. hxg5 {[%clk 0:20:59]} hxg5 {[%clk 0:15:33]} 40. Rch2
{[%clk 0:21:14]} Rb8 {[%clk 0:15:31]} 41. Rh7 {[%clk 0:21:12]} 1-0

[Event "U12 Polish Youth Championship"]
[Site "chess24.com"]
[Date "2018.05.04"]
[Round "8"]
[White "Karolczuk, Iwo"]
[Black "Herwy, Jakub"]
[Result "1/2-1/2"]
[Board "10"]
[WhiteElo "1723"]
[WhiteCountry "POL"]
[WhiteFideId "21816972"]
[WhiteEloChange "-4"]
[BlackElo "1590"]
[BlackCountry "POL"]
[BlackFideId "21852855"]
[BlackEloChange "4"]

1. c4 {[%clk 1:30:56]} e5 {[%clk 1:30:56]} 2. g3 {[%clk 1:31:19]} g6 {[%clk
1:31:22]} 3. Nc3 {[%clk 1:31:07]} Nc6 {[%clk 1:31:48]} 4. Bg2 {[%clk 1:31:17]}
Bg7 {[%clk 1:32:13]} 5. d3 {[%clk 1:30:20]} d6 {[%clk 1:32:37]} 6. e4 {[%clk
1:30:45]} f5 {[%clk 1:33:03]} 7. exf5 {[%clk 1:30:43]} Bxf5 {[%clk 1:33:23]} 8.
Nge2 {[%clk 1:30:50]} Nf6 {[%clk 1:33:44]} 9. O-O {[%clk 1:30:59]} O-O {[%clk
1:34:05]} 10. h3 {[%clk 1:25:33]} Qd7 {[%clk 1:32:09]} 11. Kh2 {[%clk 1:25:44]}
Kh8 {[%clk 1:30:02]} 12. a3 {[%clk 1:22:57]} a5 {[%clk 1:27:57]} 13. Be3 {[%clk
1:21:38]} Rae8 {[%clk 1:25:47]} 14. Rb1 {[%clk 1:19:46]} Nd8 {[%clk 1:21:40]} 15.
b4 {[%clk 1:19:32]} axb4 {[%clk 1:22:02]} 16. axb4 {[%clk 1:19:56]} c6 {[%clk
1:22:28]} 17. Ra1 {[%clk 1:05:46]} Be6 {[%clk 1:15:32]} 18. Na4 {[%clk 1:04:35]}
Qc7 {[%clk 1:09:43]} 19. c5 {[%clk 1:01:03]} d5 {[%clk 1:09:05]} 20. d4 {[%clk
1:00:48]} Nd7 {[%clk 1:07:07]} 21. f4 {[%clk 0:54:10]} e4 {[%clk 1:04:29]} 22.
Qb3 {[%clk 0:51:31]} Nf7 {[%clk 1:03:53]} 23. g4 {[%clk 0:49:35]} Nh6 {[%clk
1:04:14]} 24. Kh1 {[%clk 0:47:33]} Ng8 {[%clk 1:03:48]} 25. Ng3 {[%clk 0:46:41]}
Ngf6 {[%clk 1:03:19]} 26. Nc3 {[%clk 0:44:23]} h5 {[%clk 1:01:20]} 27. g5 {[%clk
0:43:48]} Ng8 {[%clk 0:59:58]} 28. h4 {[%clk 0:43:30]} Ne7 {[%clk 0:59:54]} 29.
b5 {[%clk 0:40:18]} Nf5 {[%clk 0:57:22]} 30. Nxf5 {[%clk 0:39:49]} Bxf5 {[%clk
0:57:28]} 31. Ra7 {[%clk 0:37:57]} Ra8 {[%clk 0:51:27]} 32. Rfa1 {[%clk 0:35:12]}
Rxa7 {[%clk 0:51:24]} 33. Rxa7 {[%clk 0:35:23]} Rb8 {[%clk 0:49:47]} 34. Ne2
{[%clk 0:33:17]} Qc8 {[%clk 0:45:08]} 35. Ng3 {[%clk 0:32:23]} Bg4 {[%clk
0:44:33]} 36. Kh2 {[%clk 0:30:31]} Nf8 {[%clk 0:43:16]} 37. b6 {[%clk 0:27:54]}
Ne6 {[%clk 0:42:52]} 38. Qb4 {[%clk 0:24:29]} Qf8 {[%clk 0:41:14]} 39. Qd2 {[%clk
0:24:47]} Qc8 {[%clk 0:38:45]} 40. Qf2 {[%clk 0:24:54]} Qd7 {[%clk 0:36:48]} 41.
Bf1 {[%clk 0:23:40]} Rf8 {[%clk 0:35:43]} 42. Ba6 {[%clk 0:23:05]} Nd8 {[%clk
0:36:08]} 43. Be2 {[%clk 0:23:04]} Be6 {[%clk 0:32:35]} 44. Ra1 {[%clk 0:22:16]}
Qe8 {[%clk 0:29:42]} 45. Rf1 {[%clk 0:21:21]} Qd7 {[%clk 0:27:42]} 46. Qg1 {[%clk
0:20:16]} Qc8 {[%clk 0:21:50]} 47. Qg2 {[%clk 0:15:29]} Bf5 {[%clk 0:19:19]} 48.
Nxf5 {[%clk 0:15:46]} Qxf5 {[%clk 0:19:43]} 49. Kg3 {[%clk 0:14:54]} Ne6 {[%clk
0:19:56]} 50. Qg1 {[%clk 0:13:40]} 1/2-1/2

[Event "U12 Polish Youth Championship"]
[Site "chess24.com"]
[Date "2018.05.04"]
[Round "8"]
[White "Bancarewicz, Aleks"]
[Black "Dembicki, Karol"]
[Result "1-0"]
[Board "11"]
[WhiteElo "1708"]
[WhiteCountry "POL"]
[WhiteFideId "21838550"]
[WhiteEloChange "3"]
[BlackElo "1370"]
[BlackCountry "POL"]
[BlackFideId "21809747"]
[BlackEloChange "-3"]

1. e4 {[%clk 1:30:57]} c5 {[%clk 1:30:49]} 2. Nf3 {[%clk 1:31:10]} e6 {[%clk
1:31:06]} 3. d4 {[%clk 1:31:08]} cxd4 {[%clk 1:31:10]} 4. Nxd4 {[%clk 1:31:20]}
Nf6 {[%clk 1:31:26]} 5. Nc3 {[%clk 1:31:10]} d6 {[%clk 1:31:40]} 6. Bg5 {[%clk
1:31:04]} a6 {[%clk 1:30:25]} 7. Qd2 {[%clk 1:30:48]} Be7 {[%clk 1:30:03]} 8.
O-O-O {[%clk 1:29:53]} b5 {[%clk 1:30:25]} 9. f3 {[%clk 1:24:26]} Bb7 {[%clk
1:24:55]} 10. h4 {[%clk 1:18:50]} Nbd7 {[%clk 1:23:07]} 11. Kb1 {[%clk 1:16:10]}
Rc8 {[%clk 1:14:16]} 12. g4 {[%clk 1:12:29]} d5 {[%clk 1:13:29]} 13. Bxf6 {[%clk
1:08:57]} Bxf6 {[%clk 1:12:02]} 14. exd5 {[%clk 1:05:25]} Nb6 {[%clk 1:07:45]}
15. dxe6 {[%clk 0:44:33]} Bxd4 {[%clk 1:04:30]} 16. Qxd4 {[%clk 0:39:31]} Qxd4
{[%clk 1:03:57]} 17. exf7+ {[%clk 0:39:10]} Kxf7 {[%clk 1:03:32]} 18. Rxd4 {[%clk
0:39:36]} Rhe8 {[%clk 1:03:25]} 19. Bd3 {[%clk 0:37:17]} Re3 {[%clk 1:01:44]} 20.
Rf4+ {[%clk 0:35:42]} Kg8 {[%clk 1:01:38]} 21. Rf1 {[%clk 0:34:47]} Rc5 {[%clk
0:57:16]} 22. Be4 {[%clk 0:20:37]} Rc4 {[%clk 0:55:57]} 23. Kc1 {[%clk 0:16:47]}
Bxe4 {[%clk 0:54:04]} 24. Rxe4 {[%clk 0:16:29]} Rcxe4 {[%clk 0:53:54]} 25. Nxe4
{[%clk 0:16:25]} Re2 {[%clk 0:53:59]} 26. Rd1 {[%clk 0:13:32]} Nc4 {[%clk
0:54:03]} 27. Rd8+ {[%clk 0:12:05]} Kf7 {[%clk 0:54:27]} 28. Nd6+ {[%clk
0:11:58]} Nxd6 {[%clk 0:53:19]} 29. Rxd6 {[%clk 0:12:21]} Rf2 {[%clk 0:53:14]}
30. Rd3 {[%clk 0:06:59]} Rf1+ {[%clk 0:52:03]} 31. Kd2 {[%clk 0:07:18]} Rf2+
{[%clk 0:51:58]} 32. Kc3 {[%clk 0:07:06]} g6 {[%clk 0:51:27]} 33. b3 {[%clk
0:06:29]} Rh2 {[%clk 0:51:44]} 34. Rd7+ {[%clk 0:06:32]} Kg8 {[%clk 0:52:06]} 35.
Ra7 {[%clk 0:05:51]} Rf2 {[%clk 0:51:44]} 36. Rxa6 {[%clk 0:04:30]} Rxf3+ {[%clk
0:52:08]} 37. Kb4 {[%clk 0:03:08]} Rf4+ {[%clk 0:52:33]} 38. Kxb5 {[%clk
0:03:31]} Rxg4 {[%clk 0:52:59]} 39. c4 {[%clk 0:03:23]} Rxh4 {[%clk 0:53:06]} 40.
c5 {[%clk 0:03:42]} Kg7 {[%clk 0:52:52]} 41. c6 {[%clk 0:03:54]} Rh2 {[%clk
0:52:57]} 42. c7 {[%clk 0:04:18]} Rc2 {[%clk 0:53:01]} 43. Rc6 {[%clk 0:04:45]}
1-0

[Event "U12 Polish Youth Championship"]
[Site "chess24.com"]
[Date "2018.05.04"]
[Round "8"]
[White "Kejna, Piotr"]
[Black "Bogusz, Alan"]
[Result "0-1"]
[Board "12"]
[WhiteElo "1483"]
[WhiteTitle "CM"]
[WhiteCountry "POL"]
[WhiteFideId "21821704"]
[WhiteEloChange "-5"]
[BlackElo "1683"]
[BlackCountry "POL"]
[BlackFideId "21810060"]
[BlackEloChange "5"]

1. e4 {[%clk 1:29:01]} c5 {[%clk 1:30:53]} 2. Nf3 {[%clk 1:29:05]} d6 {[%clk
1:31:16]} 3. d4 {[%clk 1:29:18]} cxd4 {[%clk 1:31:37]} 4. Nxd4 {[%clk 1:29:41]}
Nf6 {[%clk 1:32:01]} 5. Nc3 {[%clk 1:29:55]} a6 {[%clk 1:32:22]} 6. Be3 {[%clk
1:29:22]} Ng4 {[%clk 1:32:45]} 7. Bg5 {[%clk 1:22:26]} h6 {[%clk 1:33:04]} 8. Bh4
{[%clk 1:21:55]} g5 {[%clk 1:33:26]} 9. Bg3 {[%clk 1:22:17]} Bg7 {[%clk 1:33:47]}
10. Be2 {[%clk 1:18:13]} h5 {[%clk 1:31:58]} 11. h4 {[%clk 1:16:30]} gxh4 {[%clk
1:31:36]} 12. Bxh4 {[%clk 1:15:25]} Nc6 {[%clk 1:30:52]} 13. Nb3 {[%clk 1:10:44]}
Rb8 {[%clk 1:25:29]} 14. Qd2 {[%clk 1:06:25]} b5 {[%clk 1:24:12]} 15. O-O-O
{[%clk 1:04:31]} b4 {[%clk 1:22:41]} 16. Nd5 {[%clk 1:04:04]} a5 {[%clk 1:20:09]}
17. Kb1 {[%clk 1:00:06]} Be6 {[%clk 1:18:28]} 18. Bxg4 {[%clk 0:57:08]} Bxg4
{[%clk 1:18:40]} 19. f3 {[%clk 0:55:23]} Be6 {[%clk 1:18:51]} 20. Qg5 {[%clk
0:53:31]} Kf8 {[%clk 1:17:12]} 21. Nf4 {[%clk 0:47:42]} Qc8 {[%clk 1:15:48]} 22.
Nxh5 {[%clk 0:38:58]} Bh6 {[%clk 1:16:00]} 23. Qg3 {[%clk 0:38:51]} Rg8 {[%clk
1:16:06]} 24. Qf2 {[%clk 0:38:41]} a4 {[%clk 1:16:05]} 25. Nd4 {[%clk 0:36:00]}
Nxd4 {[%clk 1:15:03]} 26. Qxd4 {[%clk 0:36:22]} Qc7 {[%clk 1:14:31]} 27. g4
{[%clk 0:19:35]} b3 {[%clk 1:13:27]} 28. cxb3 {[%clk 0:18:38]} axb3 {[%clk
1:13:42]} 29. a3 {[%clk 0:17:09]} Ra8 {[%clk 1:13:34]} 30. Rh2 {[%clk 0:09:52]}
Rc8 {[%clk 1:13:25]} 31. g5 {[%clk 0:08:35]} Bxg5 {[%clk 1:13:32]} 32. Bxg5
{[%clk 0:08:29]} Rxg5 {[%clk 1:13:57]} 33. Qh8+ {[%clk 0:01:33]} Rg8 {[%clk
1:14:05]} 34. Qh6+ {[%clk 0:01:57]} Ke8 {[%clk 1:14:19]} 35. Ng7+ {[%clk
0:00:58]} Kd7 {[%clk 1:14:09]} 36. Nxe6 {[%clk 0:00:55]} fxe6 {[%clk 1:14:30]}
37. Rc1 {[%clk 0:00:41]} Qb6 {[%clk 1:14:12]} 38. Rhh1 {[%clk 0:00:44]} Rxc1+
{[%clk 1:12:52]} 39. Rxc1 {[%clk 0:00:43]} Qf2 {[%clk 1:11:57]} 40. Qh7 {[%clk
0:00:40]} Rg1 {[%clk 1:11:33]} 41. Qh6 {[%clk 0:00:33]} Qc2+ {[%clk 1:11:54]} 42.
Ka1 {[%clk 0:00:53]} Rxc1+ {[%clk 1:12:17]} 43. Qxc1 {[%clk 0:01:18]} Qxc1#
{[%clk 1:12:42]} 0-1

[Event "U12 Polish Youth Championship"]
[Site "chess24.com"]
[Date "2018.05.04"]
[Round "8"]
[White "Krahel, Karol"]
[Black "Wilk, Igor"]
[Result "1/2-1/2"]
[Board "13"]
[WhiteElo "1427"]
[WhiteCountry "POL"]
[WhiteFideId "21853517"]
[WhiteEloChange "4"]
[BlackElo "1558"]
[BlackCountry "POL"]
[BlackFideId "21831580"]
[BlackEloChange "-4"]

1. e4 {[%clk 1:30:58]} e6 {[%clk 1:30:40]} 2. d4 {[%clk 1:31:22]} d5 {[%clk
1:30:52]} 3. Nd2 {[%clk 1:31:38]} c5 {[%clk 1:30:57]} 4. Ngf3 {[%clk 1:31:28]}
Nc6 {[%clk 1:30:36]} 5. exd5 {[%clk 1:25:46]} exd5 {[%clk 1:29:17]} 6. dxc5
{[%clk 1:17:12]} Bxc5 {[%clk 1:29:11]} 7. Nb3 {[%clk 1:15:59]} Bb6 {[%clk
1:28:40]} 8. Bd3 {[%clk 0:59:12]} Nge7 {[%clk 1:25:28]} 9. O-O {[%clk 0:55:15]}
h6 {[%clk 1:23:39]} 10. h3 {[%clk 0:53:48]} O-O {[%clk 1:22:20]} 11. Bf4 {[%clk
0:49:38]} Bf5 {[%clk 1:17:46]} 12. Bxf5 {[%clk 0:44:17]} Nxf5 {[%clk 1:18:00]}
13. Qd3 {[%clk 0:43:56]} Nfe7 {[%clk 1:14:23]} 14. c3 {[%clk 0:41:33]} Bc7 {[%clk
1:12:31]} 15. Bxc7 {[%clk 0:38:11]} Qxc7 {[%clk 1:12:44]} 16. Rad1 {[%clk
0:37:49]} Rad8 {[%clk 1:11:22]} 17. Nbd4 {[%clk 0:30:05]} Rfe8 {[%clk 1:07:13]}
18. Rd2 {[%clk 0:26:56]} Ng6 {[%clk 1:03:41]} 19. Rfd1 {[%clk 0:20:25]} Nge5
{[%clk 1:00:50]} 20. Nxe5 {[%clk 0:15:17]} Nxe5 {[%clk 1:00:40]} 21. Qg3 {[%clk
0:14:19]} Qc8 {[%clk 0:57:19]} 22. Nf3 {[%clk 0:09:20]} Nc4 {[%clk 0:52:35]} 23.
Rxd5 {[%clk 0:07:11]} Nxb2 {[%clk 0:48:46]} 24. Rxd8 {[%clk 0:06:15]} Rxd8 {[%clk
0:48:45]} 25. Rxd8+ {[%clk 0:06:23]} Qxd8 {[%clk 0:49:05]} 26. Nd4 {[%clk
0:06:46]} Qc8 {[%clk 0:48:39]} 27. Ne2 {[%clk 0:01:43]} Qd8 {[%clk 0:48:17]} 28.
Nd4 {[%clk 0:01:50]} Qc8 {[%clk 0:48:40]} 29. Ne2 {[%clk 0:02:05]} Qd8 {[%clk
0:48:57]} 1/2-1/2

[Event "U12 Polish Youth Championship"]
[Site "chess24.com"]
[Date "2018.05.04"]
[Round "8"]
[White "Wawrzyniak, Karol"]
[Black "Krupinski, Mikolaj"]
[Result "0-1"]
[Board "14"]
[WhiteElo "1224"]
[WhiteCountry "POL"]
[WhiteFideId "21817588"]
[WhiteEloChange "-3"]
[BlackElo "1547"]
[BlackCountry "POL"]
[BlackFideId "21835918"]
[BlackEloChange "3"]

1. e4 {[%clk 1:30:55]} c5 {[%clk 1:30:48]} 2. Nf3 {[%clk 1:31:04]} Nc6 {[%clk
1:30:29]} 3. c4 {[%clk 1:30:39]} d6 {[%clk 1:29:54]} 4. d4 {[%clk 1:30:28]} cxd4
{[%clk 1:29:35]} 5. Nxd4 {[%clk 1:30:47]} Nf6 {[%clk 1:29:13]} 6. Nc3 {[%clk
1:30:21]} Qb6 {[%clk 1:26:38]} 7. Nxc6 {[%clk 1:28:16]} bxc6 {[%clk 1:27:01]} 8.
Be2 {[%clk 1:26:35]} e6 {[%clk 1:22:00]} 9. O-O {[%clk 1:25:14]} Be7 {[%clk
1:18:51]} 10. a3 {[%clk 1:21:42]} Bb7 {[%clk 1:16:13]} 11. Rb1 {[%clk 1:16:51]}
O-O {[%clk 1:11:45]} 12. Be3 {[%clk 1:16:26]} Qc7 {[%clk 1:11:17]} 13. Qd2 {[%clk
1:16:02]} Rfd8 {[%clk 1:06:57]} 14. Rfd1 {[%clk 1:13:55]} Rd7 {[%clk 0:58:24]}
15. Rbc1 {[%clk 1:11:25]} Qd8 {[%clk 0:50:24]} 16. Bg5 {[%clk 1:06:40]} Rb8
{[%clk 0:47:06]} 17. b4 {[%clk 1:04:41]} h6 {[%clk 0:40:01]} 18. Bxf6 {[%clk
1:04:41]} Bxf6 {[%clk 0:40:23]} 19. Bf3 {[%clk 0:59:27]} Bg5 {[%clk 0:40:10]} 20.
Qe2 {[%clk 0:58:20]} Bxc1 {[%clk 0:40:26]} 21. Rxc1 {[%clk 0:58:45]} d5 {[%clk
0:39:08]} 22. exd5 {[%clk 0:58:28]} exd5 {[%clk 0:39:36]} 23. cxd5 {[%clk
0:58:28]} cxd5 {[%clk 0:40:04]} 24. Rd1 {[%clk 0:57:54]} Rc8 {[%clk 0:37:01]} 25.
Qd2 {[%clk 0:54:14]} Qc7 {[%clk 0:35:52]} 26. Bg4 {[%clk 0:53:32]} Qxc3 {[%clk
0:35:47]} 27. Qxc3 {[%clk 0:53:44]} Rxc3 {[%clk 0:36:12]} 28. Bxd7 {[%clk
0:54:04]} Rxa3 {[%clk 0:36:19]} 29. Kf1 {[%clk 0:53:20]} Rb3 {[%clk 0:36:08]} 30.
b5 {[%clk 0:53:43]} Kf8 {[%clk 0:34:16]} 31. Re1 {[%clk 0:52:41]} f6 {[%clk
0:33:26]} 32. Re8+ {[%clk 0:51:35]} Kf7 {[%clk 0:30:02]} 33. Rb8 {[%clk 0:52:07]}
Ba6 {[%clk 0:30:26]} 34. Bc6 {[%clk 0:50:08]} Ke6 {[%clk 0:27:48]} 35. Re8+
{[%clk 0:51:28]} Kd6 {[%clk 0:28:03]} 36. Rd8+ {[%clk 0:51:19]} Kc7 {[%clk
0:27:38]} 37. Rxd5 {[%clk 0:50:41]} Bc8 {[%clk 0:27:39]} 38. Rd1 {[%clk 0:50:33]}
Bf5 {[%clk 0:16:35]} 39. f3 {[%clk 0:48:43]} Bd3+ {[%clk 0:08:15]} 40. Kf2 {[%clk
0:48:25]} Bxb5 {[%clk 0:08:17]} 41. Bxb5 {[%clk 0:48:23]} Rxb5 {[%clk 0:08:17]}
42. Rd3 {[%clk 0:48:24]} a5 {[%clk 0:07:06]} 43. g4 {[%clk 0:48:09]} a4 {[%clk
0:07:17]} 44. Ke3 {[%clk 0:47:38]} Rb3 {[%clk 0:06:30]} 45. Rxb3 {[%clk 0:48:01]}
axb3 {[%clk 0:06:30]} 46. Kd3 {[%clk 0:48:17]} Kd6 {[%clk 0:07:28]} 0-1

[Event "U12 Polish Youth Championship"]
[Site "chess24.com"]
[Date "2018.05.04"]
[Round "8"]
[White "Demski, Michal"]
[Black "Wiatrowski, Zbigniew"]
[Result "0-1"]
[Board "15"]
[WhiteElo "1538"]
[WhiteCountry "POL"]
[WhiteFideId "21835780"]
[WhiteEloChange "-13"]
[BlackElo "1427"]
[BlackCountry "POL"]
[BlackFideId "21880816"]
[BlackEloChange "13"]

1. e4 {[%clk 1:30:52]} c5 {[%clk 1:30:55]} 2. Nf3 {[%clk 1:31:04]} d6 {[%clk
1:31:12]} 3. d4 {[%clk 1:30:32]} cxd4 {[%clk 1:31:37]} 4. Nxd4 {[%clk 1:29:03]}
Nf6 {[%clk 1:32:02]} 5. Nc3 {[%clk 1:28:13]} g6 {[%clk 1:32:21]} 6. Be2 {[%clk
1:26:47]} Bg7 {[%clk 1:31:53]} 7. Be3 {[%clk 1:25:48]} Nc6 {[%clk 1:31:22]} 8.
O-O {[%clk 1:23:14]} O-O {[%clk 1:30:22]} 9. Kh1 {[%clk 1:18:59]} Bd7 {[%clk
1:17:20]} 10. f4 {[%clk 1:12:57]} Nxd4 {[%clk 1:11:56]} 11. Bxd4 {[%clk 1:12:46]}
Bc6 {[%clk 1:12:11]} 12. f5 {[%clk 1:08:04]} Qa5 {[%clk 1:04:07]} 13. Bf3 {[%clk
0:59:43]} Nd7 {[%clk 0:58:04]} 14. Bxg7 {[%clk 0:56:01]} Kxg7 {[%clk 0:58:21]}
15. Qe1 {[%clk 0:53:04]} Ne5 {[%clk 0:55:47]} 16. Qh4 {[%clk 0:49:25]} f6 {[%clk
0:54:26]} 17. Ne2 {[%clk 0:45:09]} g5 {[%clk 0:53:50]} 18. Qg3 {[%clk 0:41:38]}
Bd7 {[%clk 0:45:24]} 19. Nc3 {[%clk 0:30:00]} Bc6 {[%clk 0:41:58]} 20. Ne2 {[%clk
0:21:26]} Qb4 {[%clk 0:37:40]} 21. Nf4 {[%clk 0:17:47]} Kh8 {[%clk 0:32:10]} 22.
Ne6 {[%clk 0:12:59]} Rfc8 {[%clk 0:29:55]} 23. b3 {[%clk 0:11:12]} Bd7 {[%clk
0:29:54]} 24. c4 {[%clk 0:10:14]} Bxe6 {[%clk 0:29:34]} 25. fxe6 {[%clk 0:10:24]}
a5 {[%clk 0:28:56]} 26. Bg4 {[%clk 0:08:45]} a4 {[%clk 0:27:34]} 27. Bf5 {[%clk
0:08:28]} Kg7 {[%clk 0:26:37]} 28. Qh3 {[%clk 0:06:48]} Ng6 {[%clk 0:21:54]} 29.
Rfc1 {[%clk 0:04:42]} Rc6 {[%clk 0:20:32]} 30. Qf3 {[%clk 0:03:41]} Rb6 {[%clk
0:19:30]} 31. bxa4 {[%clk 0:02:56]} Rxa4 {[%clk 0:19:26]} 32. h3 {[%clk 0:02:54]}
Qa5 {[%clk 0:18:25]} 33. Bxg6 {[%clk 0:01:50]} hxg6 {[%clk 0:18:52]} 34. Qe2
{[%clk 0:01:48]} Rbb4 {[%clk 0:18:35]} 35. Qc2 {[%clk 0:00:53]} Qc5 {[%clk
0:18:49]} 36. Qd3 {[%clk 0:00:33]} Rxc4 {[%clk 0:18:48]} 37. Rxc4 {[%clk
0:01:00]} Rxc4 {[%clk 0:19:14]} 38. Rb1 {[%clk 0:00:34]} b5 {[%clk 0:19:40]} 39.
Qd2 {[%clk 0:00:32]} Rxe4 {[%clk 0:19:24]} 40. Rc1 {[%clk 0:00:40]} Qe5 {[%clk
0:19:38]} 41. Qa5 {[%clk 0:00:34]} Ra4 {[%clk 0:17:58]} 42. Qd2 {[%clk 0:00:33]}
Rd4 {[%clk 0:17:03]} 43. Qa5 {[%clk 0:00:44]} Rd5 {[%clk 0:15:55]} 44. Re1 {[%clk
0:00:55]} Qg3 {[%clk 0:15:21]} 45. Rg1 {[%clk 0:00:33]} Re5 {[%clk 0:15:20]} 46.
Rc1 {[%clk 0:00:32]} Re2 {[%clk 0:14:26]} 47. Qa8 {[%clk 0:00:37]} Re1+ {[%clk
0:14:35]} 48. Rxe1 {[%clk 0:01:04]} Qxe1+ {[%clk 0:14:55]} 49. Kh2 {[%clk
0:01:31]} Qxe6 {[%clk 0:15:10]} 50. Qb7 {[%clk 0:01:46]} Qe5+ {[%clk 0:14:40]}
51. Kh1 {[%clk 0:02:05]} Kf7 {[%clk 0:14:56]} 52. Qb8 {[%clk 0:01:05]} Qa1+
{[%clk 0:15:07]} 53. Kh2 {[%clk 0:01:31]} Qxa2 {[%clk 0:15:21]} 54. Qxb5 {[%clk
0:01:54]} Qe6 {[%clk 0:15:38]} 55. Qb7 {[%clk 0:02:17]} d5 {[%clk 0:15:37]} 56.
Qa8 {[%clk 0:02:15]} Kg7 {[%clk 0:15:30]} 57. Qa2 {[%clk 0:01:53]} Qe5+ {[%clk
0:15:38]} 58. Kh1 {[%clk 0:01:10]} Qe1+ {[%clk 0:15:56]} 59. Kh2 {[%clk 0:01:26]}
d4 {[%clk 0:16:15]} 0-1

[Event "U12 Polish Youth Championship"]
[Site "chess24.com"]
[Date "2018.05.04"]
[Round "8"]
[White "Kycia, Marek"]
[Black "Jedraszek, Pawel"]
[Result "0-1"]
[Board "16"]
[WhiteElo "1460"]
[WhiteCountry "POL"]
[WhiteFideId "21863580"]
[WhiteEloChange "-8"]
[BlackElo "1514"]
[BlackCountry "POL"]
[BlackFideId "21833710"]
[BlackEloChange "8"]

1. e4 {[%clk 1:30:30]} c5 {[%clk 1:30:49]} 2. Nf3 {[%clk 1:30:39]} d6 {[%clk
1:31:14]} 3. d4 {[%clk 1:31:03]} cxd4 {[%clk 1:31:39]} 4. Nxd4 {[%clk 1:31:28]}
Nf6 {[%clk 1:32:03]} 5. Nc3 {[%clk 1:31:48]} a6 {[%clk 1:32:28]} 6. Be2 {[%clk
1:32:08]} e5 {[%clk 1:32:53]} 7. Nb3 {[%clk 1:32:32]} Be7 {[%clk 1:32:47]} 8. O-O
{[%clk 1:32:52]} Be6 {[%clk 1:32:47]} 9. f4 {[%clk 1:31:59]} Qc7 {[%clk 1:33:01]}
10. f5 {[%clk 1:31:01]} Bc4 {[%clk 1:33:26]} 11. Bg5 {[%clk 1:27:38]} Nbd7 {[%clk
1:33:04]} 12. Kh1 {[%clk 1:23:37]} b5 {[%clk 1:32:21]} 13. a3 {[%clk 1:22:28]}
Rc8 {[%clk 1:29:17]} 14. Bxc4 {[%clk 1:16:35]} Qxc4 {[%clk 1:29:31]} 15. Nd2
{[%clk 1:15:29]} Qc6 {[%clk 1:25:33]} 16. Qe1 {[%clk 1:14:20]} h6 {[%clk
1:23:25]} 17. Be3 {[%clk 1:14:29]} d5 {[%clk 1:19:38]} 18. Qg3 {[%clk 1:07:18]}
d4 {[%clk 1:19:16]} 19. Nd5 {[%clk 0:59:39]} dxe3 {[%clk 1:17:51]} 20. Nxe3
{[%clk 0:59:48]} O-O {[%clk 1:16:09]} 21. Qf3 {[%clk 0:58:17]} Rfd8 {[%clk
1:13:18]} 22. Rac1 {[%clk 0:58:05]} Nc5 {[%clk 1:12:40]} 0-1